000 00289nam a22001217a 4500
041 _aENG
100 _aNair .K
245 _aPacking Of Information In Speech
260 _a Delhi
_bAdult Faculties
_c2003
300 _a48
650 _aCompetitive Exam
856 _uCompetitive Exam ( 36 )
999 _c943
_d943